00671nam a22002177a 450000500170000001000150001702000260003203500130005803700130007108200130008410000170009724500860011426000320020027000790023230000380031149000170034960000190036665000270038570000230041270000180043520140612110644.0 aENG-109942 a9789380340104c750.00 aEN-93475 bDBAD/PUB a779.2092 aRiboud, Marc aI for imagine /cby Marc Riboud [and] Catherine Chaine; translated by Linda Asher aChennaibTara Booksc(201?) aPlot No. 9 CGE Colony Off Kuppam Beach Road ThiruvanmiyurbChennaie600041 aunpaged :c31cm(Hb)b chiefly ill aFrench focus a Riboud, Marc. aPhotography, Artistic. aChaine, Catherine  a Asher, Linda